All Players of Inter Milan of the 2000's - Statistics

General Stats
  • This quiz has been taken 51 times
    49 since last reset
  • The average score is 45 of 186
Answer Stats
Position Nationality Answer % Correct
DEF Italy Cristiano Zanetti
100%
DEF Argentina Javier Zanetti
100%
MID Argentina Esteban Cambiasso
87%
DEF Italy Marco Materazzi
87%
ATT Sweden Zlatan Ibrahimovic
87%
MID Serbia Dejan Stankovic
85%
DEF Colombia Ivan Cordoba
85%
DEF Argentina Walter Samuel
85%
ATT Brazil Ronaldo
82%
ATT Italy Christian Vieri
79%
GK Italy Francesco Toldo
79%
ATT Brazil Adriano
77%
DEF Romania Christian Chivu
77%
MID Brazil Cesar
72%
MID Portugal Luis Figo
72%
ATT Italy Mario Balotelli
72%
MID The Netherlands Clarence Seedorf
69%
DEF Italy Fabio Cannavaro
69%
ATT Argentina Hernan Crespo
69%
MID Argentina Juan Sebastian Veron
69%
DEF Brazil Maicon
67%
ATT Nigeria Obafemi Martins
64%
MID France Patrick Vieira
64%
GK France Sébastien Frey
64%
ATT Argentina Julio Cruz
62%
ATT Ireland Robbie Keane
62%
MID Italy Andrea Pirlo
59%
MID Ghana Sulley Muntari
59%
ATT/MID Uruguay Alvaro Recoba
56%
ATT Chile Ivan Zamorano
54%
DEF Italy Fabio Grosso
46%
ATT Turkey Hakan Sukur
46%
ATT Sierra Leone Mohammed Kallon
46%
DEF Italy Davide Santon
44%
MID The Netherlands Edgar Davids
44%
MID Argentina Kily Gonzalez
44%
MID Portugal Ricardo Quaresma
44%
ATT Honduras David Suazo
41%
MID Turkey Emre Belozoglu
41%
DEF Italy Leonardo Bonucci
41%
MID Italy Luigi di Biagio
41%
MID Argentina Mariano Gonzalez
41%
DEF Serbia Sinisa Mihajlovic
41%
DEF France Laurent Blanc
38%
MID/DEF Brazil Maxwell
38%
DEF Slovakia Vratislav Gresko
38%
MID The Netherlands Andy Van der Meyde
36%
MID Nigeria Joel Obi
36%
ATT Italy Nicola Ventola
36%
MID France Olivier Dacourt
36%
GK Italy Paolo Orlandoni
36%
MID Chile David Pizarro
33%
GK Uruguay Fabian Carini
33%
MID Italy Filippo Mancini
33%
DEF Italy Francesco Coco
33%
GK Brazil Julio Cesar
33%
MID Brazil Mancini
33%
MID Argentina Andres Guglielminpietro
31%
MID Portugal Maniche
31%
DEF Argentina Nicolas Burdisso
31%
MID Turkey Okan Buruk
31%
MID Argentina Santiago Solari
31%
DEF Croatia Dario Simic
28%
DEF Italy Giuseppe Favalli
28%
DEF Italy Daniele Adani
26%
ATT Argentina Gabriel Omar Batistuta
26%
ATT Greece Lampros Choutos
26%
MID Portugal Pele
26%
DEF Denmark Thomas Helveg
26%
ATT Nigeria Victor Obinna
26%
GK Italy Alberto Fontana
23%
MID Italy Domenico Morfeo
23%
DEF Uruguay Gonzalo Sorondo
23%
DEF Colombia Nelson Rivas
23%
MID Portugal Sergio Conceiçao
23%
DEF Brazil Ze Maria
23%
DEF Greece Grigorios Georgatos
21%
MID Brazil Luciano
21%
MID Chile Luis Antonio Jimenez
21%
DEF Cameroon Pierre Womé
21%
MID Slovenia Rene Krhin
21%
MID Serbia Vladimir Jugovic
21%
DEF Paraguay Carlos Gamarra
18%
MID Italy Cristian Brocchi
18%
MID Spain Francisco Farinos
18%
MID France Jonathan Biabiany
18%
MID France Sabri Lamouchi
18%
MID France Stephane Dalmat
18%
MID Brazil Vampeta
18%
MID France Benoit Cauet
15%
MID Senegal Khalilou Fadiga
15%
GK Italy Marco Ballotta
15%
MID Argentina Matias Almeyda
15%
DEF Italy Matteo Ferrari
15%
DEF Italy Bruno Cirillo
13%
DEF France Jeremie Brechet
13%
DEF Italy Michele Serena
13%
DEF Argentina Nelson Vivas
13%
GK Slovenia Vid Belec
13%
GK Italy Alex Cordaz
10%
MID Italy Francesco Bolzoni
10%
MID Tunisia Tijani Belaid
10%
ATT Uruguay Antonio Pacheco
8%
DEF Italy Giovanni Pasquale
8%
MID Romania Ianis Zicu
8%
MID Belgium | Morocco Ibrahim Maaroufi
8%
ATT Italy Mattia Destro
8%
MID Italy Nicola Beati
8%
DEF Italy Pasquale Padalino
8%
MID Ivory Coast Abdoulaye Diarra
5%
DEF Italy Andrea Mei
5%
ATT Italy Anselmo Robbiati
5%
MID Hungary Attila Filkor
5%
ATT Italy Bernardo Corradi
5%
MID Cameroon Daniel Maa Boumsong
5%
DEF Italy Fabio Macellari
5%
ATT Italy Gianluca Litteri
5%
ATT Sweden Goran Slavkovski
5%
DEF Montenegro Ivan Fatic
5%
DEF Italy Marco Andreolli
5%
MID Italy Mario Rebecchi
5%
MID Argentina Sixto Peralta
5%
ATT Brazil Yrius Roberto Carboni
5%
ATT Italy Aiman Napoli
3%
MID Italy Alberto Gerbo
3%
DEF Italy Andrea Delledonne
3%
ATT Italy Andrea Pedrelli
3%
DEF Algeria Antar Yahia
3%
ATT Ghana Basty Kyeremateng
3%
MID Italy Carlo Raffaele Trezzi
3%
ATT Italy Corrado Colombo
3%
DEF Italy Daniele Marino
3%
MID Italy Daniel Semenzato
3%
GK Italy Davide Ciceri
3%
DEF Italy Davide Fais
3%
DEF Italy Dennis Esposito
3%
ATT Italy Diego Falcinelli
3%
DEF Italy Diego Perissinotto
3%
MID Italy Dino Marino
3%
ATT Italy Domenico Germinale
3%
GK Italy Enrico Alfonso
3%
DEF Italiy Fabrizio Biava
3%
DEF Italy Flavio Visconti
3%
ATT Italy Francesco Bilardo
3%
MID Italy Gabriele Puccio
3%
GK Italy Giacomo Bindi
3%
MID Greece Giorgios Karagkounis
3%
DEF Italy Giuseppe Figliomeni
3%
DEF Brazil Guilherme Siqueira
3%
DEF Italy Ignazio Cocchiere
3%
MID Italy Ilario Aloe
3%
ATT Nigeria Isah Eliakwu
3%
DEF Italy Ivan Marconi
3%
MID Italy Jacopo Ravasi
3%
GK Italy Luca Bonfiglio
3%
DEF Italy Luca Caldirola
3%
DEF Italy Luca Ceccarelli
3%
DEF Italy Luca Franchini
3%
MID Italy Luca Siligardi
3%
GK Italy Luca Stocchi
3%
MID Italy Luca Tremolada
3%
ATT Italy Marco Ferrante
3%
DEF Italy Marco Filippini
3%
DEF Italy Marco Modolo
3%
GK Italy Marco Varaldi
3%
GK France Mathieu Moreau
3%
MID Italy Matteo Lombardo
3%
MID Italy Matteo Marinoni
3%
ATT Italy Matteo Momentè
3%
GK Italy Matteo Piazza
3%
DEF Italy Mattia Barni
3%
GK Italy Moreno Impagliatello
3%
DEF Italy Nicola Napolitano
3%
DEF Italy Nicolas Giani
3%
MID Italy Omar Laribi
3%
DEF Italy Paolo Hernan Dellafiore
3%
GK Italy Paolo Tornaghi
3%
DEF Italy Riccardo Fissore
3%
ATT Italy Riccardo Meggiorini
3%
MID Italy Roberto de Filippis
3%
MID Nigeria Saidi Adeshokan
3%
DEF Italy Salvatore Ferraro
3%
MID Italy Saverio Macrì
3%
MID Uruguay Sebastian Ribas
3%
DEF Italy Simone Fautario
3%
No matching quizzes found
Score Distribution
Percent of People with Each Score
Percentile by Number Answered
Your Score History
You have not taken this quiz since the last reset